TOP 100 beste clubs from Europe at the moment - Statistics

General Stats
  • This quiz has been taken 48 times
  • The average score is 52 of 100
Answer Stats
Nummer Answer % Correct
4 Real Madrid
100%
8 Barcelona
97%
5 Manchester City
97%
7 PSG
97%
3 Arsenal
94%
1 Liverpool
94%
12 Atletico Madrid
91%
39 Manchester United
91%
25 Borussia Dortmund
88%
13 Chelsea
88%
58 Ajax
79%
27 Aston Villa
79%
11 Juventus
79%
21 PSV
79%
10 Bayern Munchen
76%
23 Benfica
76%
18 Milan
76%
17 Napoli
76%
76 Sevilla
76%
24 Tottenham Hotspur
76%
6 Atalanta
73%
19 Athletic Bilbao
73%
9 Bayer Leverkusen
73%
15 Lazio
73%
16 Newcastle United
73%
32 Nottingham Forest
73%
22 Porto
73%
48 Celtic
70%
28 Monaco
70%
31 Olympique Marseille
70%
78 Rangers
70%
14 Sporting
70%
20 Lille
67%
63 Wolverhampton Wanderers
67%
26 Fiorentina
64%
38 Leipzig
64%
44 Real Sociedad
64%
41 Crystal Palace
61%
40 Feyenoord
61%
51 Girona
61%
2 Internazionale
61%
37 Roma
61%
46 West Ham United
61%
30 Bournemouth
58%
56 Everton
58%
59 Real Betis
58%
60 Anderlecht
55%
35 Brighton
55%
34 Club Brugge
55%
45 Galatasaray
55%
55 Union
55%
42 Villarreal
55%
33 Fulham
52%
62 Nice
52%
43 Stuttgart
52%
84 Wolfsburg
52%
94 AZ
48%
53 Eintracht Frankfurt
48%
29 Bologna
45%
50 Brest
45%
77 Rennes
45%
57 Fenerbahce
42%
47 Lens
42%
79 Braga
39%
71 Leeds United
39%
64 Udinese
39%
74 Freiburg
36%
75 Genk
36%
65 Mallorca
36%
52 Brentford
33%
68 Genoa
33%
70 Toulouse
33%
66 Werder Bremen
33%
85 Borussia Monchengladbach
30%
100 Twente
30%
89 Bodo/Glimt
27%
69 Osasuna
27%
88 Rayo Vallecano
27%
92 Strasbourg
27%
54 Torino
27%
97 Como
24%
61 Mainz
24%
91 Monza
24%
98 Parma
24%
82 Reims
24%
83 Sparta Praag
24%
96 Las Palmas
21%
36 Olympique Lyon
21%
93 PAOK
21%
49 Slavia Praag
21%
87 Burnley
18%
80 Olympiakos
18%
99 Dinamo Zagreb
15%
73 Empoli
12%
86 Vitoria
12%
95 Alaves
9%
90 Sturm Graz
6%
81 Viktoria Plzen
6%
72 Celta de Vigo
3%
67 Rode Ster
3%
No matching quizzes found
Score Distribution
Percent of People with Each Score
Percentile by Number Answered
Your Score History
You have not taken this quiz